000 00698nam a2200241Ia 4500
005 20260430150443.0
008 008 250103s9999 xx 000 0 eng d
037 _aTheses
040 _aCRL
040 _beng
040 _ceng
041 _2eng
041 _aeng
084 _qCRL
100 _aJain Juhi Au.; Kaul Rajeeev Gu.
_91237548
245 0 _aRole of Peste Des Petitis Ruminants (PPR) Virus Coded C and V Proteins in the Modulation of NF-kB Signalling
260 _c2023
300 _a120p.
650 _aMicrobiology
700 _aUniversity of Delhi. Faculty of Inter- Disciplinary & Applied Science. Deptt. of Microbiology
942 _cTH
999 _c1849816
_d1849816